000
00246nam a22001097a 4500
008
230608b xxu||||| |||| 00| 0 eng d
082
_a
708.56
_b
ROM
245
_a
Museums of Rome
260
_b
Municipality of Rome
300
_a
146p
942
_2
ddc
_c
BK
999
_c
829
_d
829